[One Piece] Toutes les primes supérieures à 1 milliard - Statistiques

Statistiques générales
  • Ce quiz a été pris 1 429 fois
  • Le résultat moyen est 19 sur 21
Statistiques - réponses
Primes Personnages % Correct
3.000.000.000 Monkey D. Luffy
99%
4.388.000.000 Charlotte Linlin
98%
5.046.000.000 Edward Newgate
98%
4.048.900.000 Shanks
98%
4.611.100.000 Kaidou
97%
1.111.000.000 Roronoa Zoro
97%
3.000.000.000 Trafalgar D. Water Law
96%
1.032.000.000 Vinsmoke Sanji
96%
3.000.000.000 Eustass Kid
95%
5.564.800.000 Gol D. Roger
95%
3.996.000.000 Marshall D. Teach
95%
3.189.000.000 Baggy
91%
3.590.000.000 Dracule Mihawk
91%
1.057.000.000 Charlotte Katakuri
89%
1.965.000.000 Crocodile
86%
1.100.000.000 Jinbe
86%
1.390.000.000 King
86%
1.320.000.000 Queen
85%
1.000.000.000 Jack
79%
1.659.000.000 Boa Hancock
72%
1.374.000.000 Marco
71%
Aucun quiz correspondant
Distribution des résultats
% des personnes avec chaque résultat
Percentile par nombre de réponses
Votre historique - résultats
Vous n’avez pas pris ce quiz